[Event "Masters Tournament (MTO)"]
[Site "Biel, CH"]
[Date "2025.07.23"]
[Round "9"]
[White "Arfan, Aditya Bagus"]
[Black "Chen, Zhi"]
[Result "1-0"]
[Board "11"]
[WhiteFideId "7106041"]
[BlackFideId "8619549"]
[WhiteTitle "IM"]
[WhiteElo "2385"]
[BlackElo "2246"]
[WhiteTeam "INA"]
[BlackTeam "CHN"]
[WhiteClock "0:01:41"]
[BlackClock "0:00:35"]
[Variant "Standard"]

1. Nf3 {[%clk 1:39:38]}  Nf6 {[%clk 1:40:51]} 2. c4 {[%clk 1:39:57]}  c6 {[%clk 1:41:03]} 3. g3 {[%clk 1:39:09]}  g6 {[%clk 1:41:24]} 4. b3 {[%clk 1:39:11]}  Bg7 {[%clk 1:41:47]} 5. Bb2 {[%clk 1:39:38]}  d5 {[%clk 1:41:05]} 6. Bg2 {[%clk 1:40:00]}  O-O {[%clk 1:41:24]} 7. O-O {[%clk 1:40:22]}  Re8 {[%clk 1:38:54]} 8. Qc2 {[%clk 1:33:56]}  Bg4 {[%clk 1:31:04]} 9. h3 {[%clk 1:16:54]}  Bxf3 {[%clk 1:32:09]} 10. Bxf3 {[%clk 1:17:19]}  e5 {[%clk 1:31:35]} 11. Bg2 {[%clk 1:15:47]}  Na6 {[%clk 1:30:31]} 12. a3 {[%clk 1:14:31]}  Nc7 {[%clk 1:29:40]} 13. d3 {[%clk 1:09:37]}  h5 {[%clk 1:20:44]} 14. cxd5 {[%clk 0:56:39]}  Ncxd5 {[%clk 1:14:44]} 15. h4 {[%clk 0:55:33]}  Ng4 {[%clk 1:03:52]} 16. Nd2 {[%clk 0:54:13]}  Ne7 {[%clk 1:01:51]} 17. b4 {[%clk 0:46:25]}  Nf5 {[%clk 1:01:19]} 18. a4 {[%clk 0:43:08]}  Rc8 {[%clk 0:50:28]} 19. Rab1 {[%clk 0:41:55]}  Nd4 {[%clk 0:47:01]} 20. Qd1 {[%clk 0:40:44]}  Rc7 {[%clk 0:47:06]} 21. Ba1 {[%clk 0:36:22]}  f5 {[%clk 0:27:15]} 22. b5 {[%clk 0:20:12]}  cxb5 {[%clk 0:39:44]} 23. axb5 {[%clk 0:17:52]}  f4 {[%clk 0:37:45]} 24. b6 {[%clk 0:12:52]}  axb6 {[%clk 0:35:29]} 25. Bxd4 {[%clk 0:13:05]}  exd4 {[%clk 0:30:02]} 26. Qb3+ {[%clk 0:12:16]}  Kh8 {[%clk 0:28:14]} 27. Ne4 {[%clk 0:07:32]}  Be5 {[%clk 0:13:26]} 28. Qxb6 {[%clk 0:08:07]}  Rg8 {[%clk 0:03:44]} 29. Bh3 {[%clk 0:01:42]}  Nf6 {[%clk 0:01:55]} 30. Ng5 {[%clk 0:01:23]}  Nd5 {[%clk 0:01:54]} 31. Qe6 {[%clk 0:01:23]}  Re7 {[%clk 0:00:44]} 32. Nf7+ {[%clk 0:00:54]}  Rxf7 {[%clk 0:01:11]} 33. Qxf7 {[%clk 0:01:20]}  b6 {[%clk 0:00:39]} 34. Rb5 {[%clk 0:01:14]}  fxg3 {[%clk 0:00:39]} 35. Qxd5 {[%clk 0:01:25]}  gxf2+ {[%clk 0:00:35]} 36. Rxf2 {[%clk 0:01:41]} 1-0

[Event "Masters Tournament (MTO)"]
[Site "Biel, CH"]
[Date "2025.07.23"]
[Round "9"]
[White "Vincenti, Leonardo"]
[Black "Lacan Rus, David"]
[Result "0-1"]
[Board "12"]
[WhiteFideId "28550820"]
[BlackFideId "651023075"]
[WhiteTitle "CM"]
[BlackTitle "FM"]
[WhiteElo "2265"]
[BlackElo "2369"]
[WhiteTeam "ITA"]
[BlackTeam "FRA"]
[WhiteClock "0:00:59"]
[BlackClock "0:29:09"]
[Variant "Standard"]

1. e4 {[%clk 1:40:30]}  d6 {[%clk 1:40:51]} 2. d4 {[%clk 1:40:26]}  Nf6 {[%clk 1:40:59]} 3. Nc3 {[%clk 1:40:54]}  e5 {[%clk 1:40:39]} 4. Nf3 {[%clk 1:40:25]}  Nbd7 {[%clk 1:40:59]} 5. Bc4 {[%clk 1:40:40]}  Be7 {[%clk 1:40:08]} 6. O-O {[%clk 1:38:04]}  O-O {[%clk 1:40:19]} 7. Re1 {[%clk 1:36:49]}  c6 {[%clk 1:40:27]} 8. a4 {[%clk 1:38:11]}  h6 {[%clk 1:39:49]} 9. a5 {[%clk 1:38:19]}  Re8 {[%clk 1:40:25]} 10. h3 {[%clk 1:25:34]}  exd4 {[%clk 1:40:08]} 11. Nxd4 {[%clk 1:20:24]}  Bf8 {[%clk 1:28:34]} 12. Bf4 {[%clk 1:09:51]}  Nc5 {[%clk 1:23:44]} 13. Qf3 {[%clk 1:05:47]}  Ne6 {[%clk 1:22:04]} 14. Bxe6 {[%clk 1:03:53]}  Bxe6 {[%clk 1:20:39]} 15. a6 {[%clk 0:48:09]}  Qb6 {[%clk 1:18:18]} 16. axb7 {[%clk 1:02:58]}  Qxb7 {[%clk 1:08:26]} 17. e5 {[%clk 0:56:00]}  dxe5 {[%clk 0:54:31]} 18. Bxe5 {[%clk 0:48:38]}  Nd7 {[%clk 0:46:37]} 19. Bf4 {[%clk 0:45:39]}  Nc5 {[%clk 0:40:15]} 20. Qg3 {[%clk 0:35:49]}  Rad8 {[%clk 0:25:24]} 21. b4 {[%clk 0:32:29]}  Rxd4 {[%clk 0:26:37]} 22. bxc5 {[%clk 0:32:21]}  Kh7 {[%clk 0:22:06]} 23. Ne4 {[%clk 0:23:19]}  Qd7 {[%clk 0:13:35]} 24. Be5 {[%clk 0:13:47]}  Rxe4 {[%clk 0:08:32]} 25. Rxe4 {[%clk 0:12:44]}  Qd5 {[%clk 0:08:52]} 26. Rd4 {[%clk 0:11:46]}  Qxc5 {[%clk 0:08:32]} 27. Qd3+ {[%clk 0:02:04]}  Kg8 {[%clk 0:06:14]} 28. Bd6 {[%clk 0:02:12]}  Bxd6 {[%clk 0:05:21]} 29. Rxd6 {[%clk 0:02:40]}  Bd5 {[%clk 0:03:53]} 30. Qg3 {[%clk 0:00:49]}  Kh8 {[%clk 0:03:40]} 31. Kh2 {[%clk 0:00:33]}  a5 {[%clk 0:02:58]} 32. Ra4 {[%clk 0:00:36]}  Qb5 {[%clk 0:01:05]} 33. Rh4 {[%clk 0:00:44]}  Re6 {[%clk 0:00:48]} 34. Rd8+ {[%clk 0:00:47]}  Kh7 {[%clk 0:01:13]} 35. Rg4 {[%clk 0:00:38]}  Qb2 {[%clk 0:00:42]} 36. c3 {[%clk 0:00:36]}  Rg6 {[%clk 0:00:48]} 37. Rxg6 {[%clk 0:00:53]}  fxg6 {[%clk 0:01:17]} 38. Rd6 {[%clk 0:00:33]}  Qc2 {[%clk 0:01:13]} 39. Rd7 {[%clk 0:00:45]}  Qf5 {[%clk 0:00:36]} 40. c4 {[%clk 0:00:33]}  Qxd7 {[%clk 0:00:51]} 41. cxd5 {[%clk 0:00:59]}  cxd5 {[%clk 0:29:09]} 0-1

[Event "Masters Tournament (MTO)"]
[Site "Biel, CH"]
[Date "2025.07.23"]
[Round "9"]
[White "Doraszelski, Alexander"]
[Black "Otsuka, Shou"]
[Result "0-1"]
[Board "13"]
[WhiteFideId "12996149"]
[BlackFideId "7004702"]
[BlackTitle "FM"]
[WhiteElo "2154"]
[BlackElo "2362"]
[WhiteTeam "GER"]
[BlackTeam "JPN"]
[WhiteClock "0:05:56"]
[BlackClock "0:07:36"]
[Variant "Standard"]

1. e4 {[%clk 1:38:48]}  e6 {[%clk 1:40:58]} 2. d4 {[%clk 1:39:07]}  d5 {[%clk 1:41:24]} 3. Nc3 {[%clk 1:39:31]}  Nf6 {[%clk 1:41:49]} 4. e5 {[%clk 1:39:18]}  Nfd7 {[%clk 1:42:12]} 5. Nce2 {[%clk 1:39:40]}  c5 {[%clk 1:42:33]} 6. c3 {[%clk 1:40:04]}  Nc6 {[%clk 1:42:55]} 7. Nf3 {[%clk 1:40:27]}  a5 {[%clk 1:43:13]} 8. a4 {[%clk 1:40:42]}  Be7 {[%clk 1:43:37]} 9. g3 {[%clk 1:36:27]}  O-O {[%clk 1:43:28]} 10. Bg2 {[%clk 1:32:25]}  b6 {[%clk 1:43:47]} 11. Bf4 {[%clk 1:18:38]}  Ba6 {[%clk 1:40:48]} 12. h4 {[%clk 1:12:41]}  Qc7 {[%clk 1:28:58]} 13. h5 {[%clk 1:03:36]}  Rfc8 {[%clk 1:11:21]} 14. O-O {[%clk 0:44:51]}  cxd4 {[%clk 1:16:52]} 15. Nexd4 {[%clk 0:40:29]}  Nxd4 {[%clk 0:58:51]} 16. Nxd4 {[%clk 0:40:14]}  Nxe5 {[%clk 0:55:19]} 17. Nb5 {[%clk 0:33:40]}  Bxb5 {[%clk 0:49:12]} 18. axb5 {[%clk 0:38:21]}  Bd6 {[%clk 0:49:31]} 19. Bxe5 {[%clk 0:37:54]}  Bxe5 {[%clk 0:49:49]} 20. Re1 {[%clk 0:36:43]}  Bf6 {[%clk 0:46:14]} 21. Ra4 {[%clk 0:33:59]}  Rd8 {[%clk 0:47:30]} 22. Rg4 {[%clk 0:30:16]}  Rac8 {[%clk 0:40:56]} 23. Qf3 {[%clk 0:29:25]}  Qe7 {[%clk 0:41:17]} 24. Bf1 {[%clk 0:23:46]}  h6 {[%clk 0:38:48]} 25. c4 {[%clk 0:10:22]}  dxc4 {[%clk 0:31:28]} 26. Bxc4 {[%clk 0:18:41]}  Bxb2 {[%clk 0:29:48]} 27. Bd3 {[%clk 0:15:01]}  Rc3 {[%clk 0:18:22]} 28. Rd1 {[%clk 0:14:43]}  Kh8 {[%clk 0:17:47]} 29. Rf4 {[%clk 0:11:28]}  Qa3 {[%clk 0:15:45]} 30. Bc2 {[%clk 0:09:51]}  Rxd1+ {[%clk 0:14:47]} 31. Qxd1 {[%clk 0:10:07]}  Qa1 {[%clk 0:14:22]} 32. Kg2 {[%clk 0:10:01]}  Qxd1 {[%clk 0:14:44]} 33. Bxd1 {[%clk 0:10:29]}  Rc7 {[%clk 0:13:50]} 34. Rf3 {[%clk 0:09:33]}  Bd4 {[%clk 0:11:01]} 35. Rd3 {[%clk 0:08:59]}  Rd7 {[%clk 0:11:24]} 36. Bb3 {[%clk 0:08:50]}  Kg8 {[%clk 0:11:30]} 37. Kf3 {[%clk 0:09:13]}  Kf8 {[%clk 0:11:10]} 38. g4 {[%clk 0:08:15]}  Ke7 {[%clk 0:10:47]} 39. Ke2 {[%clk 0:06:33]}  e5 {[%clk 0:09:35]} 40. Kf3 {[%clk 0:05:56]}  Kd6 {[%clk 0:07:36]} 0-1

[Event "Masters Tournament (MTO)"]
[Site "Biel, CH"]
[Date "2025.07.23"]
[Round "9"]
[White "Latorre, Vincent"]
[Black "Chen, Yuan"]
[Result "1/2-1/2"]
[Board "14"]
[WhiteFideId "2636891"]
[BlackFideId "8618860"]
[WhiteTitle "FM"]
[WhiteElo "2326"]
[BlackElo "2286"]
[WhiteTeam "CAN"]
[BlackTeam "CHN"]
[WhiteClock "0:14:38"]
[BlackClock "0:45:04"]
[Variant "Standard"]

1. Nf3 {[%clk 1:40:52]}  Nf6 {[%clk 1:38:17]} 2. g3 {[%clk 1:39:27]}  g6 {[%clk 1:37:01]} 3. Bg2 {[%clk 1:38:40]}  Bg7 {[%clk 1:37:20]} 4. O-O {[%clk 1:34:24]}  O-O {[%clk 1:37:44]} 5. c4 {[%clk 1:32:08]}  c6 {[%clk 1:37:37]} 6. Nc3 {[%clk 1:30:43]}  d5 {[%clk 1:37:51]} 7. cxd5 {[%clk 1:31:28]}  cxd5 {[%clk 1:37:19]} 8. d4 {[%clk 1:31:24]}  Ne4 {[%clk 1:27:13]} 9. Ne5 {[%clk 1:20:28]}  Nxc3 {[%clk 1:26:19]} 10. bxc3 {[%clk 1:20:46]}  Nc6 {[%clk 1:26:30]} 11. Nxc6 {[%clk 1:11:52]}  bxc6 {[%clk 1:26:53]} 12. Qa4 {[%clk 1:10:59]}  Qb6 {[%clk 1:25:30]} 13. Ba3 {[%clk 1:09:01]}  Qa6 {[%clk 1:20:54]} 14. Qxa6 {[%clk 0:58:50]}  Bxa6 {[%clk 1:26:52]} 15. Rfe1 {[%clk 0:58:57]}  Rfe8 {[%clk 1:26:21]} 16. e3 {[%clk 0:51:51]}  Bf8 {[%clk 1:19:47]} 17. Bf1 {[%clk 0:55:59]}  Bxf1 {[%clk 1:19:38]} 18. Kxf1 {[%clk 0:56:22]}  Reb8 {[%clk 1:18:07]} 19. Reb1 {[%clk 0:53:52]}  a6 {[%clk 0:56:31]} 20. Ke2 {[%clk 0:34:35]}  Rb5 {[%clk 0:52:42]} 21. Rb3 {[%clk 0:27:56]}  f6 {[%clk 0:49:46]} 22. Rab1 {[%clk 0:27:03]}  Rab8 {[%clk 1:15:09]} 23. Kd3 {[%clk 0:25:56]}  e5 {[%clk 1:11:19]} 24. Bxf8 {[%clk 0:25:03]}  Kxf8 {[%clk 1:04:34]} 25. dxe5 {[%clk 0:16:59]}  fxe5 {[%clk 1:02:16]} 26. Rxb5 {[%clk 0:16:19]}  Rxb5 {[%clk 0:47:49]} 27. Rxb5 {[%clk 0:05:02]}  axb5 {[%clk 1:09:34]} 28. f4 {[%clk 0:05:21]}  exf4 {[%clk 1:09:17]} 29. gxf4 {[%clk 0:05:43]}  Ke7 {[%clk 1:09:35]} 30. e4 {[%clk 0:05:57]}  Ke6 {[%clk 1:06:03]} 31. Kd4 {[%clk 0:04:37]}  dxe4 {[%clk 1:06:05]} 32. Kxe4 {[%clk 0:04:42]}  c5 {[%clk 1:06:31]} 33. c4 {[%clk 0:04:30]}  b4 {[%clk 1:03:32]} 34. h3 {[%clk 0:02:49]}  h6 {[%clk 1:03:16]} 35. Ke3 {[%clk 0:00:32]}  Kf5 {[%clk 0:52:50]} 36. Kf3 {[%clk 0:00:58]}  g5 {[%clk 0:52:20]} 37. fxg5 {[%clk 0:01:25]}  hxg5 {[%clk 0:52:46]} 38. Kg3 {[%clk 0:01:45]}  Ke5 {[%clk 0:53:04]} 39. Kg4 {[%clk 0:02:11]}  Kd4 {[%clk 0:53:11]} 40. Kxg5 {[%clk 0:02:36]}  Kxc4 {[%clk 0:53:30]} 41. h4 {[%clk 0:01:50]}  Kd3 {[%clk 0:53:20]} 42. h5 {[%clk 0:00:35]}  c4 {[%clk 0:53:30]} 43. h6 {[%clk 0:00:38]}  c3 {[%clk 0:53:55]} 44. h7 {[%clk 0:30:02]}  c2 {[%clk 1:24:19]} 45. h8=Q {[%clk 0:30:01]}  c1=Q+ {[%clk 1:24:43]} 46. Kf5 {[%clk 0:27:38]}  Qc5+ {[%clk 1:21:45]} 47. Qe5 {[%clk 0:26:39]}  Qf2+ {[%clk 1:21:55]} 48. Kg5 {[%clk 0:26:18]}  Qd2+ {[%clk 1:08:47]} 49. Kf5 {[%clk 0:25:09]}  Qf2+ {[%clk 1:03:39]} 50. Kg5 {[%clk 0:25:07]}  Qg2+ {[%clk 1:03:47]} 51. Kf5 {[%clk 0:24:42]}  Qh3+ {[%clk 0:59:10]} 52. Kf4 {[%clk 0:24:03]}  Qh6+ {[%clk 0:58:01]} 53. Kf5 {[%clk 0:23:50]}  Qf8+ {[%clk 0:58:18]} 54. Ke6 {[%clk 0:22:57]}  Qc8+ {[%clk 0:57:02]} 55. Kd6 {[%clk 0:22:39]}  Qa6+ {[%clk 0:57:11]} 56. Kc5 {[%clk 0:21:38]}  Qa5+ {[%clk 0:50:49]} 57. Kd6 {[%clk 0:19:37]}  Qb6+ {[%clk 0:50:24]} 58. Kd5 {[%clk 0:19:43]}  Qa5+ {[%clk 0:48:03]} 59. Kd6 {[%clk 0:20:03]}  Qa3 {[%clk 0:45:32]} 60. Qd5+ {[%clk 0:14:21]}  Kc3 {[%clk 0:45:33]} 61. Qf3+ {[%clk 0:13:23]}  Kb2 {[%clk 0:45:44]} 62. Qe2+ {[%clk 0:12:41]}  Ka1 {[%clk 0:45:36]} 63. Qd1+ {[%clk 0:11:05]}  Kb2 {[%clk 0:44:13]} 64. Qd2+ {[%clk 0:11:21]}  Kb1 {[%clk 0:44:36]} 65. Qd1+ {[%clk 0:11:42]}  Kxa2 {[%clk 0:44:46]} 66. Qc2+ {[%clk 0:11:59]}  Ka1 {[%clk 0:45:11]} 67. Qd1+ {[%clk 0:12:19]}  Kb2 {[%clk 0:45:28]} 68. Qd2+ {[%clk 0:12:39]}  Kb1 {[%clk 0:45:40]} 69. Qd1+ {[%clk 0:13:03]}  Kb2 {[%clk 0:45:40]} 70. Qd2+ {[%clk 0:13:25]}  Kb3 {[%clk 0:45:45]} 71. Qd3+ {[%clk 0:13:46]}  Ka2 {[%clk 0:45:43]} 72. Qc2+ {[%clk 0:13:58]}  Qb2 {[%clk 0:46:06]} 73. Qa4+ {[%clk 0:14:18]}  Kb1 {[%clk 0:46:30]} 74. Qd1+ {[%clk 0:14:38]}  Ka2 {[%clk 0:45:04]} 1/2-1/2

[Event "Masters Tournament (MTO)"]
[Site "Biel, CH"]
[Date "2025.07.23"]
[Round "9"]
[White "Mostertman, Milan"]
[Black "Song, Ethan"]
[Result "1/2-1/2"]
[Board "15"]
[WhiteFideId "1025848"]
[BlackFideId "62900412"]
[WhiteTitle "FM"]
[BlackTitle "FM"]
[WhiteElo "2212"]
[BlackElo "2288"]
[WhiteTeam "NED"]
[BlackTeam "CAN"]
[WhiteClock "0:27:20"]
[BlackClock "0:41:29"]
[Variant "Standard"]

1. e4 {[%clk 1:40:58]}  e5 {[%clk 1:37:56]} 2. Nf3 {[%clk 1:41:21]}  Nc6 {[%clk 1:38:24]} 3. Nc3 {[%clk 1:41:46]}  Nf6 {[%clk 1:38:49]} 4. a3 {[%clk 1:37:44]}  Be7 {[%clk 1:34:41]} 5. d4 {[%clk 1:33:42]}  exd4 {[%clk 1:26:44]} 6. Nxd4 {[%clk 1:27:58]}  O-O {[%clk 1:20:25]} 7. Nxc6 {[%clk 1:42:23]}  dxc6 {[%clk 1:20:35]} 8. Qxd8 {[%clk 1:39:29]}  Rxd8 {[%clk 1:17:20]} 9. f3 {[%clk 1:35:12]}  Be6 {[%clk 1:10:28]} 10. Be3 {[%clk 1:28:34]}  Nd7 {[%clk 1:01:08]} 11. O-O-O {[%clk 1:27:39]}  a5 {[%clk 0:54:09]} 12. h4 {[%clk 1:20:16]}  f6 {[%clk 1:03:15]} 13. Ne2 {[%clk 1:16:06]}  Ne5 {[%clk 0:54:18]} 14. Nd4 {[%clk 1:14:54]}  Bf7 {[%clk 0:52:57]} 15. Be2 {[%clk 1:04:31]}  c5 {[%clk 0:49:22]} 16. Nf5 {[%clk 1:02:43]}  Bf8 {[%clk 0:47:36]} 17. Bf4 {[%clk 0:56:58]}  c4 {[%clk 0:38:45]} 18. a4 {[%clk 0:51:40]}  c6 {[%clk 0:37:50]} 19. Rxd8 {[%clk 0:45:55]}  Rxd8 {[%clk 0:56:14]} 20. Rd1 {[%clk 0:46:20]}  Rxd1+ {[%clk 0:56:19]} 21. Kxd1 {[%clk 0:39:47]}  h5 {[%clk 0:54:57]} 22. Bd2 {[%clk 0:35:36]}  Nd7 {[%clk 0:46:40]} 23. Bxa5 {[%clk 0:39:44]}  Nc5 {[%clk 0:45:34]} 24. Ne3 {[%clk 0:39:35]}  Nxa4 {[%clk 0:45:01]} 25. Nxc4 {[%clk 0:37:44]}  b5 {[%clk 0:44:53]} 26. b3 {[%clk 0:40:27]}  Nc5 {[%clk 0:36:46]} 27. Nb2 {[%clk 0:38:42]}  Ne6 {[%clk 0:34:17]} 28. Nd3 {[%clk 0:32:26]}  Bd6 {[%clk 0:33:07]} 29. Be1 {[%clk 0:30:09]}  Kf8 {[%clk 0:28:46]} 30. Kd2 {[%clk 0:27:25]}  Ke7 {[%clk 0:25:09]} 31. g3 {[%clk 0:23:31]}  g5 {[%clk 0:23:41]} 32. Ke3 {[%clk 0:22:18]}  gxh4 {[%clk 0:21:28]} 33. gxh4 {[%clk 0:23:46]}  c5 {[%clk 0:06:11]} 34. c3 {[%clk 0:21:28]}  Bc7 {[%clk 0:24:28]} 35. Kd2 {[%clk 0:15:32]}  Bd6 {[%clk 0:23:19]} 36. Bf2 {[%clk 0:06:59]}  Kd7 {[%clk 0:19:37]} 37. b4 {[%clk 0:06:01]}  c4 {[%clk 0:19:28]} 38. Ne1 {[%clk 0:05:16]}  Bg6 {[%clk 0:15:03]} 39. Nc2 {[%clk 0:03:31]}  f5 {[%clk 0:16:13]} 40. exf5 {[%clk 0:02:25]}  Bxf5 {[%clk 0:14:34]} 41. Nd4 {[%clk 0:28:07]}  Bf4+ {[%clk 0:07:58]} 42. Be3 {[%clk 0:26:32]}  Nxd4 {[%clk 0:06:28]} 43. Bxf4 {[%clk 0:23:13]}  Nxe2 {[%clk 0:43:46]} 44. Kxe2 {[%clk 0:23:39]}  Be6 {[%clk 0:42:54]} 45. Ke3 {[%clk 0:23:31]}  Bd5 {[%clk 0:40:18]} 46. Kd4 {[%clk 0:23:52]}  Kc6 {[%clk 0:41:40]} 47. Ke3 {[%clk 0:24:18]}  Kd7 {[%clk 0:42:08]} 48. Bg5 {[%clk 0:23:35]}  Ke6 {[%clk 0:41:09]} 49. Kd4 {[%clk 0:24:00]}  Bc6 {[%clk 0:41:29]} 50. Kc5 {[%clk 0:24:21]}  Be8 {[%clk 0:41:41]} 51. Kb6 {[%clk 0:22:37]}  Kf5 {[%clk 0:41:54]} 52. Kc7 {[%clk 0:23:02]}  Ke6 {[%clk 0:41:49]} 53. Kd8 {[%clk 0:23:20]}  Bc6 {[%clk 0:42:11]} 54. Kc7 {[%clk 0:23:44]}  Be8 {[%clk 0:42:38]} 55. Be3 {[%clk 0:23:50]}  Kf5 {[%clk 0:42:21]} 56. Kd6 {[%clk 0:22:52]}  Bf7 {[%clk 0:42:14]} 57. Kd7 {[%clk 0:22:42]}  Bd5 {[%clk 0:40:55]} 58. Kd6 {[%clk 0:25:02]}  Bf7 {[%clk 0:41:16]} 59. Kd7 {[%clk 0:24:40]}  Bd5 {[%clk 0:41:30]} 60. Kc7 {[%clk 0:24:22]}  Bf7 {[%clk 0:41:43]} 61. Kd6 {[%clk 0:24:02]}  Be8 {[%clk 0:41:37]} 62. Bg5 {[%clk 0:26:23]}  Bf7 {[%clk 0:41:01]} 63. Ke7 {[%clk 0:26:48]}  Bd5 {[%clk 0:40:39]} 64. Be3 {[%clk 0:26:40]}  Bxf3 {[%clk 0:40:34]} 65. Kd6 {[%clk 0:26:59]}  Bd1 {[%clk 0:40:24]} 66. Kc5 {[%clk 0:27:09]}  Ba4 {[%clk 0:41:29]} 67. Bg5 {[%clk 0:27:20]} 1/2-1/2

[Event "Masters Tournament (MTO)"]
[Site "Biel, CH"]
[Date "2025.07.23"]
[Round "9"]
[White "Kueppers, Timo"]
[Black "Shvedova, Alexandra"]
[Result "1/2-1/2"]
[Board "16"]
[WhiteFideId "16205820"]
[BlackFideId "54154782"]
[WhiteTitle "FM"]
[BlackTitle "WFM"]
[WhiteElo "2292"]
[BlackElo "2204"]
[WhiteTeam "GER"]
[BlackTeam "ITA"]
[WhiteClock "0:01:43"]
[BlackClock "0:04:01"]
[Variant "Standard"]

1. c4 {[%clk 1:36:34]}  e5 {[%clk 1:40:30]} 2. Nc3 {[%clk 1:36:53]}  Nf6 {[%clk 1:40:53]} 3. Nf3 {[%clk 1:37:13]}  Nc6 {[%clk 1:41:02]} 4. g3 {[%clk 1:37:35]}  d5 {[%clk 1:40:59]} 5. cxd5 {[%clk 1:38:00]}  Nxd5 {[%clk 1:41:25]} 6. Bg2 {[%clk 1:38:25]}  Nb6 {[%clk 1:41:41]} 7. O-O {[%clk 1:38:46]}  Be7 {[%clk 1:41:32]} 8. b3 {[%clk 1:39:11]}  O-O {[%clk 1:41:29]} 9. Bb2 {[%clk 1:39:38]}  Be6 {[%clk 1:38:53]} 10. Rc1 {[%clk 1:39:26]}  a5 {[%clk 1:38:04]} 11. Nb5 {[%clk 1:21:11]}  f6 {[%clk 1:31:11]} 12. e4 {[%clk 1:11:30]}  Bd6 {[%clk 0:58:10]} 13. d4 {[%clk 1:18:54]}  exd4 {[%clk 0:43:11]} 14. Nfxd4 {[%clk 1:17:53]}  Nxd4 {[%clk 0:43:05]} 15. Qxd4 {[%clk 1:14:00]}  a4 {[%clk 0:37:38]} 16. Qe3 {[%clk 1:08:25]}  axb3 {[%clk 0:34:53]} 17. axb3 {[%clk 1:03:42]}  Ra5 {[%clk 0:30:58]} 18. Nxd6 {[%clk 1:02:04]}  cxd6 {[%clk 0:31:15]} 19. Rfd1 {[%clk 0:54:21]}  Rb5 {[%clk 0:27:26]} 20. Rd3 {[%clk 0:48:28]}  Nc8 {[%clk 0:26:33]} 21. Bf1 {[%clk 0:46:40]}  Ra5 {[%clk 0:23:50]} 22. Bc3 {[%clk 0:44:10]}  Rh5 {[%clk 0:20:24]} 23. Bb4 {[%clk 0:40:55]}  f5 {[%clk 0:14:53]} 24. exf5 {[%clk 0:32:10]}  Bxf5 {[%clk 0:15:15]} 25. Rd5 {[%clk 0:32:09]}  Bg6 {[%clk 0:11:35]} 26. Bc4 {[%clk 0:29:10]}  Kh8 {[%clk 0:11:46]} 27. Rxh5 {[%clk 0:27:10]}  Bxh5 {[%clk 0:12:13]} 28. Be6 {[%clk 0:25:24]}  Ne7 {[%clk 0:10:32]} 29. Qg5 {[%clk 0:21:23]}  Bg6 {[%clk 0:08:12]} 30. Ba5 {[%clk 0:18:23]}  b6 {[%clk 0:08:35]} 31. Bb4 {[%clk 0:18:07]}  h6 {[%clk 0:07:26]} 32. Qg4 {[%clk 0:18:01]}  Bf5 {[%clk 0:07:19]} 33. Qe2 {[%clk 0:14:02]}  Bxe6 {[%clk 0:06:52]} 34. Qxe6 {[%clk 0:14:28]}  Nf5 {[%clk 0:07:08]} 35. Rd1 {[%clk 0:11:54]}  Rf6 {[%clk 0:03:47]} 36. Qd5 {[%clk 0:11:45]}  Qc8 {[%clk 0:03:37]} 37. Qd3 {[%clk 0:07:30]}  Qc6 {[%clk 0:02:07]} 38. Bc3 {[%clk 0:06:56]}  Rf8 {[%clk 0:02:22]} 39. Bb2 {[%clk 0:05:55]}  Qd7 {[%clk 0:01:33]} 40. Re1 {[%clk 0:04:01]}  Qf7 {[%clk 0:30:42]} 41. Re4 {[%clk 0:25:31]}  Kg8 {[%clk 0:24:33]} 42. Rf4 {[%clk 0:23:59]}  Qe6 {[%clk 0:23:19]} 43. h4 {[%clk 0:15:26]}  d5 {[%clk 0:16:52]} 44. Qf3 {[%clk 0:13:30]}  Rf7 {[%clk 0:15:53]} 45. b4 {[%clk 0:12:00]}  b5 {[%clk 0:14:01]} 46. Qd3 {[%clk 0:11:03]}  Nd6 {[%clk 0:10:58]} 47. Qd4 {[%clk 0:10:54]}  Re7 {[%clk 0:07:15]} 48. Kg2 {[%clk 0:09:54]}  Nc4 {[%clk 0:06:59]} 49. Bc3 {[%clk 0:10:16]}  Ne5 {[%clk 0:06:30]} 50. h5 {[%clk 0:07:33]}  Nc4 {[%clk 0:05:21]} 51. Qc5 {[%clk 0:07:01]}  Nd6 {[%clk 0:05:24]} 52. Qd4 {[%clk 0:03:39]}  Ne4 {[%clk 0:04:57]} 53. Bb2 {[%clk 0:04:40]}  Ng5 {[%clk 0:05:10]} 54. g4 {[%clk 0:04:03]}  Ne4 {[%clk 0:05:27]} 55. Rf5 {[%clk 0:03:59]}  Nf6 {[%clk 0:04:32]} 56. Qf4 {[%clk 0:03:40]}  Qe4+ {[%clk 0:05:02]} 57. Qxe4 {[%clk 0:04:00]}  Rxe4 {[%clk 0:05:26]} 58. Bxf6 {[%clk 0:04:21]}  gxf6 {[%clk 0:05:51]} 59. f3 {[%clk 0:04:16]}  Rxb4 {[%clk 0:04:35]} 60. Rxd5 {[%clk 0:04:17]}  Rb1 {[%clk 0:05:13]} 61. Kg3 {[%clk 0:04:42]}  b4 {[%clk 0:05:10]} 62. Rb5 {[%clk 0:00:33]}  b3 {[%clk 0:01:56]} 63. Kf4 {[%clk 0:04:06]}  b2 {[%clk 0:01:00]} 64. Kf5 {[%clk 0:02:38]}  Rf1 {[%clk 0:01:01]} 65. Rxb2 {[%clk 0:02:55]}  Rxf3+ {[%clk 0:01:27]} 66. Kg6 {[%clk 0:03:21]}  Kf8 {[%clk 0:01:54]} 67. Rb8+ {[%clk 0:02:23]}  Ke7 {[%clk 0:02:20]} 68. Kxh6 {[%clk 0:00:53]}  Rg3 {[%clk 0:02:36]} 69. Rb4 {[%clk 0:00:44]}  Kf7 {[%clk 0:02:47]} 70. Rb7+ {[%clk 0:00:52]}  Kf8 {[%clk 0:02:37]} 71. Rg7 {[%clk 0:01:06]}  Rg1 {[%clk 0:02:32]} 72. Kh7 {[%clk 0:01:15]}  Rg2 {[%clk 0:02:46]} 73. Rg6 {[%clk 0:01:22]}  Kf7 {[%clk 0:02:55]} 74. h6 {[%clk 0:01:35]}  Rg1 {[%clk 0:02:57]} 75. Rg7+ {[%clk 0:01:43]}  Kf8 {[%clk 0:03:08]} 76. Kg6 {[%clk 0:01:00]}  Rxg4+ {[%clk 0:03:17]} 77. Kxf6 {[%clk 0:01:24]}  Rxg7 {[%clk 0:03:35]} 78. hxg7+ {[%clk 0:01:51]}  Kg8 {[%clk 0:04:01]} 79. Kg6 {[%clk 0:01:43]} 1/2-1/2